000
00321nam a22001457a 4500
008
221110b ||||| |||| 00| 0 eng d
020
_a
9780536368775
041
_a
eng
080
_2
FOURTH EDITION
_a
610.73
082
_a
610.73
100
_a
8
101
_a
INF
245
_a
CAREER PREP
_c
FREMGEN B
942
_2
udc
_c
BK
999
_c
58854
_d
58854